000 00582nam a22001817a 4500
003 OSt
005 20251027031746.0
008 251027b |||||||| |||| 00| 0 eng d
020 _a978-0-323-04994-8.
040 _aDWCL-Main lib
_cOC
082 _2Circ. 610.730698 S713m 2008
100 _aSorrentino, Shiela A.
245 _aMosby's textbook for nursing assistants 7th ed.
260 _aSt. Louis, Mo. :
_bMosby/Elsevier,
_cc2008.
300 _axxx, 848 pages :
_bcolored illustration ;
_c27 cm. + 1 CD-ROM.
650 _21. Nurses' aids.
942 _2ddc
_cBK-CIRC
_e7th ed.
_kCirc.
_n0
999 _c5145
_d5145